| 000 | 00543ntaaa2200193 4500 | ||
|---|---|---|---|
| 003 | 01 | ||
| 005 | 20251027201649.0 | ||
| 008 | 0714s1973 ag 01 | ||
| 040 |
_aAR-BaBN _bspa _cAR-BaBN _eaacr _dRIC |
||
| 082 | _a232.9000 D92 | ||
| 100 |
_aDunkerley, Roderic _915330 |
||
| 245 | _aBeyond the gospel | ||
| 250 | _a1 ed. | ||
| 260 |
_aHarmondsworth : _bPenguin Books Ltd, _cc1957, 1961 |
||
| 300 | _a170 p | ||
| 500 | _aUn estudio de la existencia y obra de Jesús de fuentes no bíblicas | ||
| 650 |
_aJesucristo-vida de _95253 |
||
| 942 | _cBK | ||
| 999 |
_c11354 _d11354 |
||